| 000 | 00772nam a2200241 a 4500 | ||
|---|---|---|---|
| 001 | 65336 | ||
| 003 | BD-RjUL | ||
| 005 | 20211209081418.0 | ||
| 008 | 170304s1931 nyu b 001 0 eng | ||
| 035 | _a(BD-RjUL)65466 | ||
| 040 |
_aDLC _cYNG _dBD-RjUL _beng |
||
| 041 | _aeng | ||
| 082 |
_a817.09 _223 _bROA 1931 |
||
| 100 | 1 |
_aRourke, Constance, _d1885-1941. _9193387 |
|
| 245 | 1 | 0 |
_aAmerican humor : _ba study of the national character / _cby Constance Rourke. |
| 260 |
_aNew York : _bHarcourt, Brace and Company, _cc1931. |
||
| 300 |
_ax, 253 p. ; _c18 cm. |
||
| 500 | _aIncludes index. | ||
| 650 | 0 |
_aAmerican wit and humor _xHistory and criticism. _9193388 |
|
| 650 | 0 |
_aAmerican literature _xHistory and criticism. _9185062 |
|
| 942 |
_2ddc _cBK |
||
| 999 |
_c65336 _d65336 |
||